[Event "HUN-chT2 Erkel 1718"]
[Site "Hungary"]
[Date "2018.01.28"]
[Round "7.8"]
[White "Juhasz, Agoston Botond"]
[Black "Pusztay, Bela"]
[Result "1-0"]
[WhiteElo "2013"]
[BlackElo "2069"]
[PlyCount "73"]
[EventDate "2017.09.24"]
[EventType "team-tourn"]
[EventRounds "11"]
[EventCountry "HUN"]
[SourceTitle "EXT 2021"]
[Source "ChessBase"]
[SourceDate "2020.10.23"]
[SourceVersion "1"]
[SourceVersionDate "2020.10.23"]
[SourceQuality "1"]
[WhiteTeam "Budapest MTK II"]
[BlackTeam "Jaszbereny"]
[WhiteTeamCountry "HUN"]
[BlackTeamCountry "HUN"]

1. e4 d5 2. exd5 Qxd5 3. Nf3 Nf6 4. d4 Bg4 5. Be2 c6 6. 0-0 h6 7. c4 Qa5 8. Nc3 Nbd7 9. h3 Bh5 10. Re1 Qc7 11. d5 g5 12. Nd4 Bg6 13. Bf3 cxd5 14. cxd5 a6 15. Qa4 Rd8 16. Bd2 Bg7 17. Rac1 0-0 18. Rxe7 Qd6 19. Rce1 b5 20. Qa5 Nxd5 21. Nxd5 Bxd4 22. Bc3 Nb6 23. Bb4 Nc4 24. Bxd6 Nxa5 25. Bc7 Nc4 26. Bxd8 Rxd8 27. Re8+ Rxe8 28. Rxe8+ Kg7 29. b3 Ne5 30. Be2 Bb1 31. a4 Be4 32. Ne3 bxa4 33. bxa4 a5 34. Nc4 Bc6 35. Rxe5 Bxe5 36. Nxe5 Bxa4 37. Nc4 1-0

[Event "HUN-chT2 Erkel 1718"]
[Site "Hungary"]
[Date "2017.10.29"]
[Round "3.9"]
[White "Bertok, Bela"]
[Black "Pusztay, Bela"]
[Result "0-1"]
[WhiteElo "1911"]
[BlackElo "2069"]
[PlyCount "94"]
[EventDate "2017.09.24"]
[EventType "team-tourn"]
[EventRounds "11"]
[EventCountry "HUN"]
[SourceTitle "EXT 2021"]
[Source "ChessBase"]
[SourceDate "2020.10.23"]
[SourceVersion "1"]
[SourceVersionDate "2020.10.23"]
[SourceQuality "1"]
[WhiteTeam "Pestszentlorinc"]
[BlackTeam "Jaszbereny"]
[WhiteTeamCountry "HUN"]
[BlackTeamCountry "HUN"]

1. Nf3 d6 2. d4 Nf6 3. c4 g6 4. g3 Bg7 5. Bg2 c6 6. Nc3 Qc7 7. 0-0 0-0 8. e4 e5 9. h3 a5 10. Be3 Nbd7 11. Rc1 b6 12. a4 Ba6 13. b3 Rfe8 14. Qd2 Nf8 15. Rfd1 Rad8 16. d5 c5 17. Bh6 Bc8 18. Nh4 Nh5 19. Ne2 f5 20. exf5 gxf5 21. Qg5 Qf7 22. Bxg7 Nxg7 23. Rc3 Kh8 24. Rf3 e4 25. Re3 Nd7 26. Nf4 Ne5 27. g4 fxg4 28. Bxe4 Nf3+ 29. Nxf3 gxf3 30. Kh1 Nf5 31. Bxf5 Bxf5 32. Rde1 Rg8 33. Qh4 Qg7 34. Re7 Qd4 35. Rf7 Rde8 36. Rc1 Ref8 37. Rxf8 Rxf8 38. Rg1 Qf6 39. Qg3 Bc2 40. Ne6 Ra8 41. Qxd6 Bxb3 42. Qxb6 Bxc4 43. Qxc5 Bd3 44. d6 Bf5 45. Qc6 Rb8 46. Qxf3 Qe5 47. Nc7 Be4 0-1

[Event "HUN-chT2 Erkel 1718"]
[Site "Hungary"]
[Date "2017.10.08"]
[Round "2.8"]
[White "Halasz, Csaba"]
[Black "Pusztay, Bela"]
[Result "1/2-1/2"]
[WhiteElo "2089"]
[BlackElo "2069"]
[PlyCount "37"]
[EventDate "2017.09.24"]
[EventType "team-tourn"]
[EventRounds "11"]
[EventCountry "HUN"]
[SourceTitle "EXT 2021"]
[Source "ChessBase"]
[SourceDate "2020.10.23"]
[SourceVersion "1"]
[SourceVersionDate "2020.10.23"]
[SourceQuality "1"]
[WhiteTeam "Budapest MAFC"]
[BlackTeam "Jaszbereny"]
[WhiteTeamCountry "HUN"]
[BlackTeamCountry "HUN"]

1. e4 g6 2. d4 Bg7 3. Nc3 d6 4. f4 c6 5. Nf3 Nf6 6. Bd3 Bg4 7. e5 dxe5 8. dxe5 Nd5 9. Ne4 Qb6 10. a3 Nd7 11. c4 Nc7 12. h3 Bxf3 13. Qxf3 Ne6 14. b4 0-0-0 15. Be3 Qc7 16. Rd1 g5 17. g3 gxf4 18. gxf4 Rhg8 19. Qh5 1/2-1/2

[Event "HUN-chT2 Erkel 1516"]
[Site "Hungary"]
[Date "2016.04.17"]
[Round "11.5"]
[White "Kozma, Gabor"]
[Black "Pusztay, Bela"]
[Result "1-0"]
[WhiteElo "2003"]
[BlackElo "2114"]
[PlyCount "93"]
[EventDate "2015.09.13"]
[EventType "team-tourn"]
[EventRounds "11"]
[EventCountry "HUN"]
[SourceTitle "EXT 2017"]
[Source "ChessBase"]
[SourceDate "2016.10.25"]
[SourceVersion "1"]
[SourceVersionDate "2016.10.25"]
[SourceQuality "1"]
[WhiteTeam "GSBE"]
[BlackTeam "Jaszbereny"]
[WhiteTeamCountry "HUN"]
[BlackTeamCountry "HUN"]

1. e4 e5 2. Nf3 Nc6 3. Bb5 d6 4. d4 exd4 5. Nxd4 Bd7 6. 0-0 Nge7 7. Nc3 a6 8. Bc4 Ne5 9. Bb3 c5 10. f4 Ng4 11. Nf3 b5 12. a4 c4 13. Ba2 Qb6+ 14. Qd4 Qc7 15. h3 Nf6 16. Be3 Rb8 17. axb5 axb5 18. Rad1 Nc6 19. Qd2 b4 20. Nd5 Nxd5 21. exd5 Ne7 22. Rfe1 f6 23. Qe2 b3 24. cxb3 cxb3 25. Bb1 Kf7 26. Nh4 g6 27. f5 Qb7 28. Qf3 Bg7 29. Bd4 g5 30. Qh5+ Kf8 31. Nf3 Be8 32. Qg4 h5 33. Qe4 Bf7 34. Nxg5 Bxd5 35. Ne6+ Kf7 36. Qe2 Rbe8 37. Rc1 Nc6 38. Bc3 Qb6+ 39. Kh2 Re7 40. Rcd1 Bxe6 41. fxe6+ Kf8 42. Rxd6 Qc7 43. Qd1 Bh6 44. Kh1 Bg5 45. Rd7 Qg3 46. Rxe7 Bf4 47. Re8+ 1-0

[Event "HUN-chT2 Erkel 1415"]
[Site "Hungary"]
[Date "2015.04.26"]
[Round "9.7"]
[White "Pusztay, Bela"]
[Black "Molnar, Jozsef"]
[Result "1/2-1/2"]
[WhiteElo "2088"]
[BlackElo "2166"]
[PlyCount "99"]
[EventDate "2014.09.28"]
[EventType "team-tourn"]
[EventRounds "9"]
[EventCountry "HUN"]
[SourceTitle "EXT 2016"]
[Source "ChessBase"]
[SourceDate "2015.10.08"]
[SourceVersion "1"]
[SourceVersionDate "2015.10.08"]
[SourceQuality "1"]
[WhiteTeam "Jaszbereny"]
[BlackTeam "BEAC"]
[WhiteTeamCountry "HUN"]
[BlackTeamCountry "HUN"]

1. e4 e6 2. d4 d5 3. Nd2 dxe4 4. Nxe4 Nd7 5. Nf3 Ngf6 6. Bg5 Be7 7. Nxf6+ gxf6 8. Be3 Nb6 9. Bd3 Qd5 10. Qe2 Bd7 11. c4 Bb4+ 12. Kf1 Qa5 13. Nd2 Bxd2 14. Bxd2 Qa4 15. b3 Qa3 16. c5 Nd5 17. Bc4 Bc6 18. Bc1 Qb4 19. a3 Qc3 20. Bb2 Qa5 21. Bc1 b5 22. Bd2 Qa6 23. Bd3 Qb7 24. f3 h5 25. h4 Rg8 26. Kf2 a5 27. Rhe1 Ne7 28. a4 b4 29. Bb5 Rb8 30. Ba6 Qa8 31. Bc4 Bd5 32. Bb5+ Kd8 33. Rab1 Nf5 34. Rh1 Nxd4 35. Qd3 Nf5 36. Rbc1 Qa7 37. Rhd1 Nxh4 38. Qh7 Rxg2+ 39. Kf1 Ke7 40. Bf4 Rbg8 41. Rxd5 exd5 42. Re1+ Kd8 43. Qxf7 Rg1+ 44. Ke2 Rxe1+ 45. Kxe1 Nxf3+ 46. Ke2 Nd4+ 47. Kd3 Nxb5 48. Qxg8+ Ke7 49. axb5 Qxc5 50. Qg7+ 1/2-1/2

[Event "HUN-chT2 Erkel 0910"]
[Site "Hungary"]
[Date "2010.04.11"]
[Round "9.6"]
[White "Repasi, Zoltan Jr"]
[Black "Pusztay, Bela"]
[Result "1-0"]
[WhiteElo "2167"]
[BlackElo "2105"]
[PlyCount "41"]
[EventDate "2009.11.08"]
[EventType "team-tourn"]
[EventRounds "11"]
[EventCountry "HUN"]
[SourceTitle "EXT 2011"]
[Source "ChessBase"]
[SourceDate "2010.11.26"]
[SourceVersion "1"]
[SourceVersionDate "2010.11.26"]
[SourceQuality "1"]
[WhiteTeam "Dunaharaszti"]
[BlackTeam "Jaszbereny"]
[WhiteTeamCountry "HUN"]
[BlackTeamCountry "HUN"]

1. d4 Nf6 2. c4 d6 3. Nc3 g6 4. e4 Bg7 5. Be2 0-0 6. Bg5 Nbd7 7. Qd2 c5 8. d5 a6 9. a4 Qa5 10. Nf3 Re8 11. 0-0 Nf8 12. h3 Bd7 13. Bh6 Bh8 14. Ng5 Rad8 15. f4 Qc7 16. Rad1 Bc8 17. Qe1 e6 18. Qh4 Bg7 19. e5 dxe5 20. Bxg7 Kxg7 21. d6 1-0

[Event "HUN-chT2 Erkel 0809"]
[Site "Hungary"]
[Date "2009.03.08"]
[Round "9.5"]
[White "Trajber, Csaba"]
[Black "Pusztay, Bela"]
[Result "1-0"]
[WhiteElo "2084"]
[BlackElo "2118"]
[PlyCount "81"]
[EventDate "2008.10.26"]
[EventType "team-tourn"]
[EventRounds "11"]
[EventCountry "HUN"]
[SourceTitle "EXT 2010"]
[Source "ChessBase"]
[SourceDate "2010.11.25"]
[SourceVersion "1"]
[SourceVersionDate "2010.11.25"]
[SourceQuality "1"]
[WhiteTeam "Vaci"]
[BlackTeam "Jaszbereny"]
[WhiteTeamCountry "HUN"]
[BlackTeamCountry "HUN"]

1. e4 c6 2. d4 d5 3. Nc3 dxe4 4. Nxe4 Bf5 5. Ng3 Bg6 6. f4 e6 7. Nf3 Nd7 8. Bd3 Bd6 9. 0-0 Bxd3 10. Qxd3 Qb6 11. c4 0-0-0 12. Ne4 Be7 13. Kh1 h5 14. a3 Qc7 15. Qe2 Nh6 16. Be3 Nf5 17. Bg1 h4 18. h3 Nf6 19. Bh2 Nh5 20. Rad1 Bf6 21. Qf2 Rhe8 22. Rfe1 Qb6 23. Nxf6 gxf6 24. Nxh4 Nxd4 25. Bg1 e5 26. fxe5 fxe5 27. Rxd4 exd4 28. Rxe8 Rxe8 29. Qf5+ Kb8 30. Qxh5 Qxb2 31. Qxf7 Rd8 32. Qf6 Qb6 33. c5 Qa5 34. Bxd4 Qe1+ 35. Kh2 Re8 36. Nf3 Qe7 37. Qxe7 Rxe7 38. h4 Kc7 39. h5 b6 40. g4 a5 41. g5 1-0

[Event "HUN-chT2 Erkel 0809"]
[Site "Hungary"]
[Date "2009.02.22"]
[Round "8.6"]
[White "Koszegi, Lajos"]
[Black "Pusztay, Bela"]
[Result "0-1"]
[WhiteElo "2060"]
[BlackElo "2118"]
[PlyCount "132"]
[EventDate "2008.10.26"]
[EventType "team-tourn"]
[EventRounds "11"]
[EventCountry "HUN"]
[SourceTitle "EXT 2010"]
[Source "ChessBase"]
[SourceDate "2010.11.25"]
[SourceVersion "1"]
[SourceVersionDate "2010.11.25"]
[SourceQuality "1"]
[WhiteTeam "Godollo"]
[BlackTeam "Jaszbereny"]
[WhiteTeamCountry "HUN"]
[BlackTeamCountry "HUN"]

1. e4 c6 2. Nc3 d5 3. Nf3 e6 4. d4 Nf6 5. e5 Nfd7 6. Ne2 c5 7. c3 Nc6 8. a3 Qb6 9. Ng3 cxd4 10. cxd4 Be7 11. b4 0-0 12. Bd3 a6 13. 0-0 Qd8 14. Qc2 g6 15. Bh6 Re8 16. Rfe1 Nf8 17. Qd2 Bd7 18. h4 f6 19. h5 f5 20. hxg6 hxg6 21. Ne2 Nh7 22. g3 Bf8 23. Kg2 Re7 24. Rh1 Be8 25. Ng5 Bxh6 26. Rxh6 Nxg5 27. Qxg5 Rg7 28. Qd2 Bd7 29. Rah1 Kf7 30. Rh8 Qxh8 31. Rxh8 Rxh8 32. Qg5 Ke8 33. Qf6 Rhg8 34. b5 axb5 35. Bxb5 Rf7 36. Qg5 Nxe5 37. dxe5 Bxb5 38. Nd4 Bd7 39. Qc1 Kf8 40. Qc7 Kg7 41. Qxb7 Rc8 42. Qb6 Rc3 43. Nxe6+ Bxe6 44. Qxe6 Rxa3 45. Qxd5 Raa7 46. e6 Rfe7 47. Qe5+ Kh7 48. Qf6 Rab7 49. g4 fxg4 50. Qh4+ Kg7 51. Qxg4 Kf6 52. Qe4 Ra7 53. f4 Kg7 54. Qd4+ Kg8 55. Qf6 Rg7 56. Kg3 Rab7 57. Kg4 Ra7 58. Qe5 Rab7 59. Kg5 Ra7 60. Kh6 Rh7+ 61. Kxg6 Rhg7+ 62. Qxg7+ Rxg7+ 63. Kf6 Kf8 64. f5 Rg1 65. Ke5 Re1+ 66. Kd6 Rf1 0-1

[Event "HUN-chT2 Erkel 0809"]
[Site "Hungary"]
[Date "2008.12.21"]
[Round "4.7"]
[White "Pusztay, Bela"]
[Black "Balvanyos, Istvan"]
[Result "0-1"]
[WhiteElo "2118"]
[BlackElo "2102"]
[PlyCount "73"]
[EventDate "2008.10.26"]
[EventType "team-tourn"]
[EventRounds "11"]
[EventCountry "HUN"]
[SourceTitle "EXT 2010"]
[Source "ChessBase"]
[SourceDate "2010.11.25"]
[SourceVersion "1"]
[SourceVersionDate "2010.11.25"]
[SourceQuality "1"]
[WhiteTeam "Jaszbereny"]
[BlackTeam "Ujszasz"]
[WhiteTeamCountry "HUN"]
[BlackTeamCountry "HUN"]

1. e4 a6 2. d4 b5 3. Nf3 Bb7 4. Bd3 Nf6 5. e5 Nd5 6. 0-0 e6 7. c3 c5 8. Be3 Nc6 9. Be4 Nxe3 10. fxe3 d5 11. Bc2 Be7 12. Nbd2 a5 13. Qe1 0-0 14. Rd1 b4 15. Qg3 Ba6 16. Rf2 Rc8 17. Bb1 h6 18. dxc5 Bxc5 19. Nd4 Qg5 20. Qh3 Nxe5 21. N2b3 Bb6 22. Kh1 Qg4 23. Qxg4 Nxg4 24. Rf3 bxc3 25. bxc3 Rxc3 26. h3 Ne5 27. Nxe6 Re8 28. Nxg7 Kxg7 29. Rg3+ Ng6 30. Rxd5 Rcxe3 31. Rxe3 Rxe3 32. Bxg6 Kxg6 33. Nxa5 Re1+ 34. Kh2 Bc7+ 35. g3 Re2+ 36. Kg1 Rxa2 37. Nc6 0-1

[Event "HUN-chT2 Erkel 0607"]
[Site "Hungary"]
[Date "2007.05.20"]
[Round "11"]
[White "Solt, Dezso"]
[Black "Pusztay, Bela"]
[Result "0-1"]
[WhiteElo "1976"]
[BlackElo "2118"]
[PlyCount "92"]
[EventDate "2006.11.12"]
[EventType "team"]
[EventRounds "11"]
[EventCountry "HUN"]
[SourceTitle "EXT 2008"]
[Source "ChessBase"]
[SourceDate "2007.11.25"]
[SourceVersion "1"]
[SourceVersionDate "2007.11.25"]
[SourceQuality "1"]
[WhiteTeam "Dunaharaszti II"]
[BlackTeam "Szekuritas"]
[WhiteTeamCountry "HUN"]
[BlackTeamCountry "HUN"]

1. Nf3 d5 2. g3 Nf6 3. Bg2 c6 4. 0-0 Nbd7 5. d4 e6 6. c4 Be7 7. cxd5 exd5 8. Nc3 0-0 9. Qc2 Re8 10. Bg5 Nf8 11. Ne5 Ne6 12. Be3 Bd6 13. h3 Nxd4 14. Bxd4 Bxe5 15. Bxe5 Rxe5 16. Kh2 Bf5 17. Qb3 Qc8 18. g4 Be6 19. Qb4 Bd7 20. Rac1 Qb8 21. Kg1 a5 22. Qf4 b5 23. e3 Re8 24. Qxb8 Raxb8 25. b3 Rec8 26. Rfd1 Be6 27. f4 g6 28. Bf3 h5 29. gxh5 gxh5 30. Kh2 Kf8 31. Rd2 Ke7 32. Rg1 Rg8 33. Rg5 Rh8 34. Rdg2 Ng4+ 35. Kg1 Nxe3 36. Re2 d4 37. f5 Bd7 38. h4 Rbg8 39. f6+ Kxf6 40. Ne4+ Ke7 41. Nc5 Rxg5+ 42. hxg5 Rg8 43. Ne4 f5 44. Bxh5 fxe4 45. g6 Bg4 46. Bxg4 Rxg6 0-1

[Event "HUN-chT2 Erkel 0607"]
[Site "Hungary"]
[Date "2007.03.04"]
[Round "6"]
[White "Pusztay, Bela"]
[Black "Toth, Tihamer"]
[Result "0-1"]
[WhiteElo "2118"]
[BlackElo "2081"]
[PlyCount "60"]
[EventDate "2006.11.12"]
[EventType "team"]
[EventRounds "11"]
[EventCountry "HUN"]
[SourceTitle "EXT 2008"]
[Source "ChessBase"]
[SourceDate "2007.11.25"]
[SourceVersion "1"]
[SourceVersionDate "2007.11.25"]
[SourceQuality "1"]
[WhiteTeam "Szekuritas"]
[BlackTeam "Hobagoly"]
[WhiteTeamCountry "HUN"]
[BlackTeamCountry "HUN"]

1. e4 e6 2. d4 d5 3. Nd2 Nf6 4. e5 Nfd7 5. Bd3 c5 6. c3 Nc6 7. Ne2 cxd4 8. cxd4 Qb6 9. Nf3 f6 10. Nf4 fxe5 11. Nxe6 e4 12. Nfg5 Nxd4 13. Bxe4 Bb4+ 14. Kf1 Nxe6 15. Qh5+ Kd8 16. Nf7+ Kc7 17. Qxd5 Rf8 18. Be3 Qa6+ 19. Bd3 Qc6 20. Rc1 Bc5 21. Rxc5 Nexc5 22. Bf4+ Kb6 23. Qd4 a5 24. b4 Rxf7 25. bxc5+ Qxc5 26. Qb2+ Ka7 27. Bg3 Nb6 28. f3 Bf5 29. Bxf5 Rxf5 30. Bf2 Qb5+ 0-1

[Event "HUN-chT2 Breyer 0506"]
[Site "Hungary"]
[Date "2006.02.26"]
[Round "8"]
[White "Pusztay, Bela"]
[Black "Bereczki, Istvan"]
[Result "1-0"]
[WhiteElo "2118"]
[BlackElo "2149"]
[PlyCount "51"]
[EventDate "2005.10.16"]
[EventType "team"]
[EventRounds "11"]
[EventCountry "HUN"]
[SourceTitle "EXT 2009"]
[Source "ChessBase"]
[SourceDate "2008.11.26"]
[SourceVersion "1"]
[SourceVersionDate "2008.11.26"]
[SourceQuality "1"]
[WhiteTeam "Turul"]
[BlackTeam "Vertesi Eromu"]
[WhiteTeamCountry "HUN"]
[BlackTeamCountry "HUN"]

1. e4 e5 2. Nf3 Nc6 3. d4 exd4 4. Bc4 Nf6 5. Ng5 d5 6. exd5 Na5 7. Qxd4 Nxc4 8. Qxc4 h6 9. Ne4 Nxd5 10. 0-0 c6 11. Qe2 Be6 12. c4 Nb6 13. b3 Be7 14. Bb2 0-0 15. Nbc3 Qc7 16. f4 f6 17. f5 Bf7 18. Qg4 Nd7 19. Bc1 Ne5 20. Qg3 Kh7 21. Bf4 Rad8 22. Rae1 Qb6+ 23. c5 Bxc5+ 24. Kh1 Bb4 25. Bxh6 Rg8 26. Be3 1-0

[Event "HUN-chT2 Breyer 0405"]
[Site "Hungary"]
[Date "2005.03.06"]
[Round "9"]
[White "Szegi, Tamas"]
[Black "Pusztay, Bela"]
[Result "1/2-1/2"]
[WhiteElo "2230"]
[BlackElo "2139"]
[PlyCount "20"]
[EventDate "2004.09.26"]
[EventType "team"]
[EventRounds "11"]
[EventCountry "HUN"]
[SourceTitle "EXT 2009"]
[Source "ChessBase"]
[SourceDate "2008.11.26"]
[SourceVersion "1"]
[SourceVersionDate "2008.11.26"]
[SourceQuality "1"]
[WhiteTeam "Zoltek"]
[BlackTeam "Turul"]
[WhiteTeamCountry "HUN"]
[BlackTeamCountry "HUN"]

1. e4 e5 2. Nf3 Nc6 3. d4 exd4 4. Nxd4 d6 5. Bc4 Be7 6. 0-0 Nf6 7. Nc3 0-0 8. h3 Ne5 9. Be2 c5 10. Nb3 Bd7 1/2-1/2

[Event "HUN-chT2 Breyer 0405"]
[Site "Hungary"]
[Date "2004.10.10"]
[Round "2"]
[White "Pusztay, Bela"]
[Black "Balogh, Viktor"]
[Result "1/2-1/2"]
[WhiteElo "2139"]
[BlackElo "2285"]
[PlyCount "53"]
[EventDate "2004.09.26"]
[EventType "team"]
[EventRounds "11"]
[EventCountry "HUN"]
[SourceTitle "EXT 2009"]
[Source "ChessBase"]
[SourceDate "2008.11.26"]
[SourceVersion "1"]
[SourceVersionDate "2008.11.26"]
[SourceQuality "1"]
[WhiteTeam "Turul"]
[BlackTeam "Honved II"]
[WhiteTeamCountry "HUN"]
[BlackTeamCountry "HUN"]

1. e4 c5 2. Nc3 e6 3. g3 Nc6 4. Bg2 g6 5. d3 Bg7 6. f4 d6 7. Nf3 Nge7 8. 0-0 0-0 9. Ne2 b5 10. g4 f5 11. h3 Bb7 12. Ng3 Nd4 13. Ne1 b4 14. a4 Qd7 15. c3 bxc3 16. bxc3 Ndc6 17. gxf5 exf5 18. Bd2 Kh8 19. Nc2 Ba6 20. Be1 Rab8 21. Ne3 Rb2 22. exf5 gxf5 23. Rb1 Rfb8 24. Rxb2 Rxb2 25. Nh5 Qe6 26. Rf3 Bh6 27. c4 1/2-1/2

[Event "HUN-chT2 Breyer 0304"]
[Site "Hungary"]
[Date "2003.11.16"]
[Round "3"]
[White "Molnar, Istvan"]
[Black "Pusztay, Bela"]
[Result "0-1"]
[WhiteElo "2176"]
[BlackElo "2152"]
[PlyCount "30"]
[EventDate "2003.09.28"]
[EventType "team"]
[EventRounds "11"]
[EventCountry "HUN"]
[SourceTitle "EXT 2009"]
[Source "ChessBase"]
[SourceDate "2008.11.26"]
[SourceVersion "1"]
[SourceVersionDate "2008.11.26"]
[SourceQuality "1"]
[WhiteTeam "Karpati"]
[BlackTeam "Turul"]
[WhiteTeamCountry "HUN"]
[BlackTeamCountry "HUN"]

1. d4 d5 2. Nf3 Nf6 3. c4 c6 4. cxd5 cxd5 5. Nc3 Nc6 6. Bf4 a6 7. e3 g6 8. Ne5 Bg7 9. Nxc6 bxc6 10. Bd3 0-0 11. 0-0 Nd7 12. Rc1 e5 13. dxe5 Nxe5 14. Be2 Re8 15. Na4 Bd7 0-1

[Event "HUN-chT2 Breyer 0203"]
[Site "Hungary"]
[Date "2003.02.16"]
[Round "7"]
[White "Szalanczy, Emil"]
[Black "Pusztay, Bela"]
[Result "1-0"]
[WhiteElo "2360"]
[BlackElo "2139"]
[PlyCount "111"]
[EventDate "2002.09.22"]
[EventType "team"]
[EventRounds "11"]
[EventCountry "HUN"]
[SourceTitle "EXT 2009"]
[Source "ChessBase"]
[SourceDate "2008.11.26"]
[SourceVersion "1"]
[SourceVersionDate "2008.11.26"]
[SourceQuality "1"]

1. e4 e5 2. Nf3 d6 3. d4 exd4 4. Nxd4 Nc6 5. Nc3 Be7 6. Bb5 Bd7 7. Nf5 Bf6 8. Nd5 g6 9. Nxf6+ Qxf6 10. Ne3 0-0-0 11. 0-0 h5 12. Nd5 Qe5 13. Re1 g5 14. c3 Nh6 15. f4 gxf4 16. Bxf4 Qe6 17. Bc4 Qg4 18. Be2 Qe6 19. b4 Rhg8 20. Bf1 Ne5 21. Qxh5 Nhg4 22. Bxe5 dxe5 23. h3 Nf6 24. Qf3 Nxd5 25. exd5 Qxh3 26. Qxh3 Bxh3 27. Rxe5 f6 28. Re3 Bg4 29. c4 f5 30. Rae1 b5 31. cxb5 Kb7 32. Re7 Bf3 33. Rc1 Rxd5 34. Rcxc7+ Kb8 35. Rb7+ Kc8 36. Rbc7+ Kd8 37. Rg7 Rxg7 38. Rxg7 Be4 39. Rxa7 Rd1 40. Kf2 Rd2+ 41. Ke3 Rb2 42. g4 Rxb4 43. gxf5 Bxf5 44. a4 Bd7 45. Bd3 Kc8 46. Kd2 Rd4 47. Kc3 Rd6 48. Be4 Kb8 49. Ra8+ Kc7 50. Kc4 Rd1 51. a5 Rc1+ 52. Kb4 Re1 53. b6+ Kd6 54. Bc2 Re5 55. Bd3 Kc6 56. Ra7 1-0

[Event "HUN-chT2 Breyer 0203"]
[Site "Hungary"]
[Date "2003.02.02"]
[Round "6"]
[White "Pusztay, Bela"]
[Black "Burghardt, Jozsef"]
[Result "1-0"]
[WhiteElo "2139"]
[BlackElo "2153"]
[PlyCount "91"]
[EventDate "2002.09.22"]
[EventType "team"]
[EventRounds "11"]
[EventCountry "HUN"]
[SourceTitle "EXT 2009"]
[Source "ChessBase"]
[SourceDate "2008.11.26"]
[SourceVersion "1"]
[SourceVersionDate "2008.11.26"]
[SourceQuality "1"]

1. d4 c5 2. d5 e5 3. e4 d6 4. Bd3 g6 5. c3 Bg7 6. Be3 Nf6 7. f3 a6 8. Nd2 b5 9. a4 c4 10. Be2 Bb7 11. Nh3 Nbd7 12. b3 Bxd5 13. bxc4 Be6 14. Ng5 bxa4 15. Nxe6 fxe6 16. Qxa4 Ke7 17. 0-0 Qc7 18. Qa5 Rhc8 19. Rfb1 Qc6 20. Ra2 d5 21. exd5 exd5 22. Bg5 Kf8 23. cxd5 Qxd5 24. Qb4+ Qc5+ 25. Qxc5+ Rxc5 26. c4 a5 27. Nb3 Rb8 28. Bd3 Rc7 29. Rxa5 Rbc8 30. Be3 Ng8 31. Nd2 Ne7 32. Ne4 Nf5 33. Bf2 Ke7 34. Nc3 Rc6 35. Nd5+ Kd8 36. Ra7 Nd6 37. Nb6 R8c7 38. Ra8+ Nc8 39. Be4 Rd6 40. Nxd7 Kxd7 41. c5 Rd2 42. c6+ Ke6 43. Be3 Re2 44. Rb7 Kd6 45. Bc5+ Kxc5 46. Rxc7 1-0

[Event "HUN-chT2 Breyer 0203"]
[Site "Hungary"]
[Date "2002.12.08"]
[Round "4"]
[White "Varga, Karoly"]
[Black "Pusztay, Bela"]
[Result "0-1"]
[WhiteElo "2173"]
[BlackElo "2139"]
[PlyCount "58"]
[EventDate "2002.09.22"]
[EventType "team"]
[EventRounds "11"]
[EventCountry "HUN"]
[SourceTitle "EXT 2009"]
[Source "ChessBase"]
[SourceDate "2008.11.26"]
[SourceVersion "1"]
[SourceVersionDate "2008.11.26"]
[SourceQuality "1"]

1. c4 Nf6 2. Nc3 g6 3. e4 d6 4. g3 c5 5. Bg2 Nc6 6. Nge2 Bg7 7. 0-0 h5 8. d4 cxd4 9. Nxd4 Bd7 10. Nxc6 bxc6 11. h3 Qc8 12. Kh2 Rb8 13. Qe2 Qa6 14. f4 Be6 15. e5 Bxc4 16. Qe1 dxe5 17. fxe5 Nd7 18. Bf4 Rxb2 19. Rf2 Rxf2 20. Qxf2 Nxe5 21. Qc5 Qb6 22. Qxb6 axb6 23. Bxe5 Bxe5 24. Bxc6+ Kf8 25. Rc1 h4 26. Ne4 hxg3+ 27. Nxg3 Be6 28. Bg2 Kg7 29. Rc6 Rd8 0-1

[Event "HUN-chT2 0102"]
[Site "Hungary"]
[Date "2002.04.07"]
[Round "10"]
[White "Tolnai, Tibor"]
[Black "Pusztay, Bela"]
[Result "1-0"]
[WhiteElo "2508"]
[BlackElo "2113"]
[PlyCount "99"]
[EventDate "2001.??.??"]
[EventType "team"]
[EventRounds "11"]
[EventCountry "HUN"]
[SourceTitle "EXT 2004"]
[Source "ChessBase"]
[SourceDate "2003.11.25"]
[SourceVersion "1"]
[SourceVersionDate "2003.11.25"]
[SourceQuality "1"]

1. e4 d5 2. exd5 Qxd5 3. Nc3 Qa5 4. d4 Nf6 5. Nf3 Bg4 6. h3 Bh5 7. g4 Bg6 8. Ne5 e6 9. Bg2 c6 10. 0-0 Nbd7 11. Qe2 Nxe5 12. dxe5 Nd7 13. f4 h6 14. Be3 Bh7 15. a3 Bc5 16. Rf2 Bxe3 17. Qxe3 Qb6 18. Qxb6 axb6 19. Be4 0-0 20. Bxh7+ Kxh7 21. Rd2 Nc5 22. b4 Na4 23. Ne4 Nb2 24. Nd6 b5 25. Nxb7 Nc4 26. Rd3 g5 27. Nd6 Nxd6 28. exd6 gxf4 29. Re1 Rfd8 30. Re4 Rd7 31. Rxf4 Rad8 32. Rc3 Rc8 33. Rc5 Rxd6 34. Rxf7+ Kg6 35. Rf3 Rd5 36. Rfc3 Rxc5 37. Rxc5 Kf6 38. Kf2 Ra8 39. Rc3 Ra6 40. Ke3 Ke5 41. h4 Kd5 42. g5 hxg5 43. hxg5 e5 44. Rd3+ Ke6 45. Ke4 Ra8 46. Rc3 Kd6 47. g6 Rg8 48. Rg3 Ke6 49. g7 Kf6 50. Rg1 1-0

[Event "HUN-chT2 0102"]
[Site "Hungary"]
[Date "2002.03.03"]
[Round "8"]
[White "Pusztay, Bela"]
[Black "Kerek, Csaba"]
[Result "1/2-1/2"]
[WhiteElo "2113"]
[BlackElo "2372"]
[PlyCount "128"]
[EventDate "2001.??.??"]
[EventType "team"]
[EventRounds "11"]
[EventCountry "HUN"]
[SourceTitle "EXT 2004"]
[Source "ChessBase"]
[SourceDate "2003.11.25"]
[SourceVersion "1"]
[SourceVersionDate "2003.11.25"]
[SourceQuality "1"]

1. e4 c5 2. Nf3 Nc6 3. c4 e6 4. Nc3 Nf6 5. d3 Be7 6. Be2 0-0 7. 0-0 a6 8. Ne1 d5 9. Bf3 dxc4 10. dxc4 Qc7 11. Be3 Rd8 12. Qc1 Nd4 13. Bd1 b6 14. f4 Bb7 15. Qb1 b5 16. e5 Nd7 17. cxb5 axb5 18. Bxd4 cxd4 19. Nxb5 Qb6 20. a4 d3+ 21. Kh1 Nc5 22. Nc3 d2 23. Nf3 Nd3 24. h3 Qe3 25. Bc2 Nf2+ 26. Rxf2 Qxf2 27. Qf1 Qe3 28. Nd1 Qxf4 29. a5 Ba6 30. Qf2 Rac8 31. Ra4 Qh6 32. Qa7 Rxc2 33. Qxe7 Rdc8 34. Rd4 Rf8 35. Rd8 g6 36. Ng5 Qg7 37. Ne4 Rc8 38. Nf6+ Kh8 39. Rxd2 Qh6 40. Qb4 Rfd8 41. Rxd8+ Rxd8 42. Nc3 Kg7 43. Qe7 Qd2 44. Nce4 Qc1+ 45. Kh2 Rc8 46. Ne8+ Rxe8 47. Qxe8 Qf4+ 48. Ng3 Qxe5 49. Qc6 Qxa5 50. Qe4 Qd5 51. Qc2 Qe5 52. Qf2 h5 53. Kg1 Qd5 54. b4 h4 55. Nf1 Bxf1 56. Qb2+ e5 57. Kxf1 Qb5+ 58. Qe2 Qxb4 59. Qxe5+ f6 60. Qc7+ Kh6 61. Qc1+ g5 62. Qc8 Qe4 63. Kg1 Qg6 64. Qh8+ Qh7 1/2-1/2